Werder Bremen Kader 2025/26 - Statistiken

Allgemein
  • Dieses Quiz wurde 94 mal gespielt
    67 seit der letzten Aktualisierung
  • Das Durchschnittsergebnis liegt bei 21 aus 32
Antwortstatistiken
Nationalität Spieler % Korrekt
Österreich Marco Friedl
100%
Dänemark Jens Stage
93%
Österreich Marco Grüll
93%
Deutschland Mio Backhaus
93%
Österreich Romano Schmid
93%
Japan Yukinari Sugawara
87%
Nigeria/Deutschland Felix Agu
80%
Belgien Senne Lynen
80%
Schweiz/Nigeria Isaac Schmidt
73%
Deutschland/Elfenbeinküste Karim Coulibaly
73%
Estland Karl Hein
73%
Deutschland Keke Topp
73%
Belgien Olivier Deman
73%
Belgien/DR Kongo Samuel Mbangula
73%
Deutschland Amos Pieper
67%
Spanien Cameron Puertas
67%
Argentinien Julian Malatini
67%
Deutschland Leonardo Bittencourt
67%
Deutschland Niklas Stark
67%
Kroatien/Deutschland Patrice Covic
67%
Nigeria Victor Boniface
67%
Deutschland/Nigeria Justin Njinmah
60%
Deutschland/Algerien Mitchell Weiser ohne Einsatz
53%
Österreich Maximilian Wöber
47%
Serbien Jovan Milosevic
40%
Deutschland Wesley Adeh ohne Einsatz
40%
Norwegen Isak Hansen-Aarøen
33%
Deutschland Markus Kolke ohne Einsatz
33%
Deutschland Mick Schmetgens ohne Einsatz
33%
Deutschland/Ghana Salim Musah ohne Einsatz
33%
Frankreich Skelly Alvero
33%
Bulgarien Stefan Smarkalev ohne Einsatz
33%
Keine übereinstimmenden Quizze gefunden
Verteilung der Resultate
Anzahl Personen mit jedem Resultat
Perzentil nach korrekt beantworteten Fragen
Ihre Resultats-Entwicklung
Sie haben dieses Quiz seit der letzten Aktualisierung nicht gespielt